La teoria e la pratica del tradunionismo / (Record no. 76261)

MARC details
000 -LEADER
campo de control de longitud fija 00560nam a2200169 i 4500
001 - NÚMERO DE CONTROL
campo de control 76261
003 - IDENTIFICADOR DE NÚMERO DE CONTROL
campo de control ES-MaACL
005 - FECHA Y HORA DE LA ÚLTIMA TRANSACCIÓN
campo de control 20230906172756.0
007 - CAMPO FIJO DE DESCRIPCIÓN FÍSICA--INFORMACIÓN GENERAL
campo de control de longitud fija t|
008 - DATOS DE LONGITUD FIJA--INFORMACIÓN GENERAL
campo de control de longitud fija 040930s1921 it ||||1| ita d
100 1# - ENTRADA PRINCIPAL--NOMBRE DE PERSONA
Nombre de persona Greenwood, G. H.
9 (RLIN) 59873
245 13 - MENCIÓN DEL TÍTULO
Título La teoria e la pratica del tradunionismo /
Mención de responsabilidad, etc. di G.H. Greenwood ; con uma prefazione di Sidney Webb ; traduzione dell'inglese di E. Mardeioli.
260 ## - PUBLICACIÓN, DISTRIBUCIÓN, ETC.
Lugar de publicación, distribución, etc. Milano :
Nombre del editor, distribuidor, etc. Societá editrice Avanti,
Fecha de publicación, distribución, etc. 1921.
700 1# - ENTRADA AGREGADA--NOMBRE PERSONAL
Nombre de persona Webb, Sidney.
9 (RLIN) 116243
700 1# - ENTRADA AGREGADA--NOMBRE PERSONAL
Nombre de persona Mardeioli, E.
9 (RLIN) 76562
852 ## - LOCALIZACIÓN
Ubicación ES-MaACL
Número de control de estantería 1629-F-2
Holdings
Estatus retirado Estado de pérdida Estado de daño No para préstamo Colección Biblioteca de origen Biblioteca actual Ubicación en estantería Fecha de adquisición Fuente de adquisición Total de préstamos Signatura topográfica completa Código de barras Visto por última vez Precio de reemplazo Tipo de ítem Koha
        Colección de folletos Biblioteca del Ateneo de Madrid Biblioteca del Ateneo de Madrid Depósito folletos 17/01/2008     1629-F-2 1079811 23/02/2023 23/02/2023 Folleto